Reconfiguración de los espacios socioeconómicos : la Nestlé en el proceso histórico de Lagos de Moreno, Jalisco /

Investigación antropológica histórica de Lagos de Moreno Jalisco. Los autores realizan con una metodología diferente la interrelación de la implantación de la trasnacional suiza Nestlé en los cambios estructurales de la región. Incluye la historia de la formación regional, los procesos de transforma...

Ամբողջական նկարագրություն

Պահպանված է:
Մատենագիտական մանրամասներ
Հիմնական հեղինակ: Gutiérrez Casillas, Patricia (autor)
Այլ հեղինակներ: Orantes García, José Rubén (autor) (autor), Alvarez Macías, Adolfo (prólogo) (prólogo), Sanz Cañada, javier (prólogo) (prólogo)
Ձևաչափ: Գիրք
Լեզու:իսպաներեն
Հրապարակվել է: México : UNAM, Programa de Investigaciones Multidisciplinarias sobre Mesoamérica y el Sureste, 2006, c2006
Խորագրեր:
Ցուցիչներ: Ավելացրեք ցուցիչ
Չկան պիտակներ, Եղեք առաջինը, ով նշում է այս գրառումը!

MARC

LEADER 00000nam^a2200000^a^4500
001 000309330
005 20250521000000.0
009 20260310112944.752
020 |a 970-32-3968-4 
037 |a Acervo ITESO - Biblioteca 
041 |a ESP 
082 |a 306. 30972355  |b GUT 
100 |a Gutiérrez Casillas, Patricia  |e (autor) 
245 1 0 |a Reconfiguración de los espacios socioeconómicos :  |b la Nestlé en el proceso histórico de Lagos de Moreno, Jalisco /  |c P. Gutiérrez Casillas, J.R. Orantes García ; pról. de A. Alvarez Macías, J. Sanz Cañada. 
264 4 |a México :  |b UNAM, Programa de Investigaciones Multidisciplinarias sobre Mesoamérica y el Sureste,  |c 2006, c2006 
300 |a 143 p. 
336 |a texto  |b txt  |2 rdacontenido 
337 |a sin mediación  |b n  |2 rdamedio 
338 |a volumen  |b nc  |2 rdasoporte 
520 |a Investigación antropológica histórica de Lagos de Moreno Jalisco. Los autores realizan con una metodología diferente la interrelación de la implantación de la trasnacional suiza Nestlé en los cambios estructurales de la región. Incluye la historia de la formación regional, los procesos de transformación en la industria ganadera de los Altos de Jalisco, la implantación de la industria en esta localidad y los beneficios en fuente de empleo como en desarrollo urbano. 
649 |a XX 
650 |a Nestlé -  |z Lagos de Moreno, Jalisco -  |x Tema Principal 
650 |a Transnacionales en Jalisco 
650 |a Transnacionales en México 
650 |a Lácteos -  |z Lagos de Moreno, Jalisco -  |x Industria y Comercio 
650 |a Industria Agropecuaria 
650 |a Desarrollo Regional -  |z Lagos de Moreno, Jalisco -  |x Tema Principal 
650 |a Desarrollo Regional -  |z Altos de Jalisco 
650 |a Desarrollo Regional -  |z México 
650 |a Ganadería -  |z Altos de Jalisco 
650 |a Ganadería -  |z México 
650 |a Agricultura -  |z Altos de Jalisco 
650 |a Agricultura -  |z México 
650 |a Antropología -  |x Investigación 
650 |a Sociología de la Economía 
650 |a Lagos de Moreno, Jalisco -  |x Historia 
650 |a Altos de Jalisco -  |x Historia 
650 |a Jalisco -  |x Historia 
650 |a México -  |x Historia 
700 |a Orantes García, José Rubén  |e (autor) 
700 |a Alvarez Macías, Adolfo  |e (prólogo) 
700 |a Sanz Cañada, javier  |e (prólogo) 
910 |a Fondo General 
920 |a Impresos - Libros 
930 |a Colección General 
905 |a 101 
901 |a 0500195745  |b IT1  |c ACC  |i C126531  |u 20250521 
902 |a https://opac.biblio.iteso.mx/vufind/Record/000309330